Letná bobová dráha Nová atrakcia na kavečianskych svahoch za 15 miliónov

Bibliographic Details
Main Author: sl (Author)
Corporate Author: Metropol, Košice (firma) (Author)
Format: Article
Language:Slovak
PhysicalDescription:1 foto
Subjects:

MARC

LEADER 00000nab a2200000 a 4500
001 vtls000894635
003 SK-MaSNL
005 20260305012640.0
008 040720e19970519xo 0 slo
035 |a KE3668 
040 |a KEVKJB  |b slo  |c KEVKJB  |e AACR2 
041 0 |a slo 
044 |a xo  |c SK 
080 |a 796.952  |2 1981 
100 0 |a sl  |4 aut  |9 877375 
245 1 0 |a Letná bobová dráha  |b Nová atrakcia na kavečianskych svahoch za 15 miliónov 
300 |b 1 foto 
610 2 7 |a Metropol, Košice (firma)  |2 KEVKJB  |9 1589862 
650 0 7 |a šport  |2 KEVKJB  |9 1042 
650 0 7 |a boby  |2 KEVKJB  |9 29853 
650 0 7 |a dráha bodová  |2 KEVKJB  |9 1589863 
650 0 7 |a prevádzka  |2 KEVKJB  |9 276812 
650 0 7 |a uvedenie  |2 KEVKJB  |9 877854 
650 0 7 |a informácie  |2 KEVKJB  |9 1285 
651 7 |a Košice (Slovensko)  |2 KEVKJB  |9 18694 
651 7 |a Kavečany (Košice I, Slovensko)  |2 KEVKJB  |9 29662 
651 7 |a KE,  |2 KEVKJB  |9 877256 
651 7 |a KE,  |2 KEVKJB  |9 877256 
655 7 |a periodikum  |2 snkbucl  |9 29553 
710 2 |a Metropol, Košice (firma)  |4 aut  |9 1589862 
773 0 8 |t Košický večer  |g Roč. 8  |g Roč. 29, č.93, 19.5.1997, s. 1 
852 |a ZVYKNI  |b KIS3GCP 
999 |c 3258521  |d 3260451